000 00472nam a2200193Ia 4500
005 20250603144613.0
008 250603s9999 xx 000 0 und d
020 _a9781451186321
050 _aQR 41.2 .E54/
100 _aEngelkirk, Paul G.
245 0 _aBurton’s microbiology for the health sciences
250 _a10th ed.
260 _aUnited State
260 _bWolters Kluwer
260 _c2015
300 _a482 p
650 _aUnited State
942 _cBK
999 _c39414
_d39414